| 000 | 00745nam a2200193 a 4500 | ||
|---|---|---|---|
| 001 | 000020792 | ||
| 005 | 20200930011148.0 | ||
| 008 | 100817s1958 pr 000 0 spa d | ||
| 040 |
_aDO-SdBNP _bspa _cBPJMB |
||
| 082 |
_a372.61 _bG633m |
||
| 100 | 1 |
_aGómez Tejera, Carmen, _943573 |
|
| 245 | 1 | 0 |
_aManual para la enseñanza de la lengua en la escuela elemental / _cCarmen Gómez Tejera, Ana María Losada, Jorge L. Porras Cruz y Enrique A. Laguerre. |
| 260 |
_aHato Rey, Puerto Rico : _bDepartamento de Instrucción Pública, _c1958. |
||
| 300 |
_a117 p. ; _c21 cm. |
||
| 650 | 4 |
_aEspañol _xEnseñanza básica _936379 |
|
| 700 | 1 |
_aLosada, Ana María, _943574 |
|
| 700 | 1 |
_aPorras Cruz, Jorge L., _943575 |
|
| 700 | 1 |
_aLaguerre, Enrique A., _920867 |
|
| 999 |
_c20296 _d20296 |
||